000 00428nam a2200169Ia 4500
005 20250425162830.0
008 250425s9999 xx 000 0 und d
041 _aspa
044 _aec
245 0 _aLA PRIMERA EVALUACION DE LA UNIVERSIDAD ECUATORIANA (1980 - 1988)
250 _a1
264 _aEcuador, QUITO
_bCONSEJO DE EDUCACIÓN SUPERIOR
_c2015.
300 _a756
362 _a1
942 _c01
010 _a110812
999 _c237334
_d237334